
Library Catalogue

| 000 -LEADER | |
|---|---|
| fixed length control field | 01316cam a2200205 i 4500 |
| 001 - CONTROL NUMBER | |
| control field | 18073521 |
| 005 - DATE AND TIME OF LATEST TRANSACTION | |
| control field | 20260428071552.0 |
| 008 - FIXED-LENGTH DATA ELEMENTS--GENERAL INFORMATION | |
| fixed length control field | 140320s2015 nju b 001 0 eng |
| 082 00 - DEWEY DECIMAL CLASSIFICATION NUMBER | |
| Classification number | 330.954 INO |
| 100 1# - MAIN ENTRY--PERSONAL NAME | |
| Personal name | Inoue, Takeshi, |
| Dates associated with a name | 1973- |
| 245 10 - TITLE STATEMENT | |
| Title | Indian economy : |
| Remainder of title | empirical analysis on monetary and financial issues in India / |
| Statement of responsibility, etc. | Takeshi Inoue, Shigeyuki Hamori |
| 264 #1 - PRODUCTION, PUBLICATION, DISTRIBUTION, MANUFACTURE, AND COPYRIGHT NOTICE | |
| Place of production, publication, distribution, manufacture | Singapore: |
| Name of producer, publisher, distributor, manufacturer | World Scientific, |
| Date of production, publication, distribution, manufacture, or copyright notice | 2015. |
| 300 ## - PHYSICAL DESCRIPTION | |
| Extent | xx, 154 P. ; |
| Dimensions | 24 cm |
| 505 ## - FORMATTED CONTENTS NOTE | |
| Formatted contents note | Introduction; Monetary Policy in India: Past, Present and Future: Money Demand Stability and Monetary Targeting; Multiple Indicator Approach as the Present Policy Framework; Has the Taylor-Rule Worked in India?: The Applicability of Inflation Targeting; Financial Market in India: Stock Market: Causal Relationship between Stock Returns and FIIs Investment; Commodity Market: Market Efficiency of Commodity Futures; Foreign Exchange Market: What Explains Exchange Rage Fluctuations?; Central Bank Intervention and Exchange Rate Movements; Finance Development and Poverty Alleviation in India: Financial Deepening and Poverty Alleviation; Financial Permeation and Poverty Alleviation; Concluding Remarks. |
| 650 #0 - SUBJECT ADDED ENTRY--TOPICAL TERM | |
| Topical term or geographic name entry element | Monetary policy |
| 650 #0 - SUBJECT ADDED ENTRY--TOPICAL TERM | |
| Topical term or geographic name entry element | Finance |
| 650 #0 - SUBJECT ADDED ENTRY--TOPICAL TERM | |
| Topical term or geographic name entry element | Economic development |
| 700 1# - ADDED ENTRY--PERSONAL NAME | |
| Personal name | Hamori, Shigeyuki, |
| 942 ## - ADDED ENTRY ELEMENTS (KOHA) | |
| Source of classification or shelving scheme | Dewey Decimal Classification |
| Koha item type | BOOKs |
| Withdrawn status | Lost status | Damaged status | Not for loan | Home library | Current library | Shelving location | Date acquired | Cost, normal purchase price | Total Checkouts | Full call number | Barcode | Date last seen | Date last checked out | Price effective from | Koha item type |
|---|---|---|---|---|---|---|---|---|---|---|---|---|---|---|---|
| . | . | 30.05.2017 | 5506.00 | 1 | 330.954 INO | 33298 | 26.03.2025 | 12.03.2025 | 30.05.2017 | BOOKs |